000 006110000a22002050004500
003 LK-CoMWRAF
005 20231106122857.0
008 230817t2001 ||||| |||| 00| 0 eng d
020 _a1571201629
040 _aLK-CoMWRAF
_dLK-CoMWRAF
_eLK-CoMWRAF
041 _aeng
082 _a746.44
_bDIB
100 _aDibbs, Kristen
245 _aMachine Embroidery and More:
_b10 step-by-step projects using border fabrics and beads
260 _aLafayette:
_bC & T Publishing,
_c2001
300 _a96 p. : col. ill. ; 28 cm.
650 _aEMBROIDERY,MACHINE--Patterns
650 _aBeadwork--Patterns
942 _cBK
999 _c1274
_d1274